| 000 | 00748nam a2200241Ia 4500 | ||
|---|---|---|---|
| 003 | OSt | ||
| 005 | 20220918105753.0 | ||
| 006 | a|||||r|||| 00| 0 | ||
| 007 | ta | ||
| 008 | 220915b |||||||| |||| 00| 0 220915b |||||||| |||| 00| 0 ben d d | ||
| 020 |
_a8177511203 (pbk) _c100 |
||
| 024 | _a477 | ||
| 037 |
_bM/2008/16, 08/02/2008, Mukta Dhara _cReference Collections |
||
| 040 |
_aARTS _cARTS _bben |
||
| 041 |
_2ben _aben |
||
| 082 | _aP111:4k, 157P5(RR) | ||
| 245 | 0 | _aParibhasha Samkalan-Prashasan | |
| 260 |
_aDElhi _bPBA India _c2005 |
||
| 300 | _a151p. | ||
| 650 | _aLINGUISTICS | ||
| 942 |
_hP111:4k, 157P5(RR) _cREF |
||
| 999 |
_c109368 _d109368 |
||